000 00357cam a2200133 4500
008 110224n 000 0 eng u
035 _a(Sirsi) a172587
040 _aCIP
050 _aGV 411 EHR
100 _aEhrler, W
245 _aConstruction and Maintainance of sports Facilities/
_cW. Ehrler
260 _aGermany:
_bLeipzig,
_c1965
300 _a152p.
999 _c116353
_d116353